Normal view MARC view

Entry Personal Name

Number of records used in: 1

001 - CONTROL NUMBER

  • control field: 9024

003 - CONTROL NUMBER IDENTIFIER

  • control field: DLC

005 - DATE AND TIME OF LATEST TRANSACTION

  • control field: 20220524142356.0

008 - FIXED-LENGTH DATA ELEMENTS

  • fixed length control field: 911122n| acannaab| |n aaa |||

010 ## - LIBRARY OF CONGRESS CONTROL NUMBER

  • LC control number: n 91119298

035 ## - SYSTEM CONTROL NUMBER

  • System control number: (Uk)002757032

040 ## - CATALOGING SOURCE

  • Original cataloging agency: DLC
  • Transcribing agency: DLC
  • Modifying agency: Uk

100 1# - HEADING--PERSONAL NAME

  • Personal name: Ogden, Jane,
  • Dates associated with a name: 1966-

670 ## - SOURCE DATA FOUND

  • Source citation: Her Fat chance, 1992:
  • Information found: CIP t.p. (Jane Ogden) CIP data (Jane Elizabeth Ogden, b. 3/10/66) galley (lecturer in Psychology, Middlesex Polytechnic)

670 ## - SOURCE DATA FOUND

  • Source citation: ALCS database, 21 Feb. 2007
  • Information found: (b. 10 Mar. 1966)

Powered by Koha